000 00653nam a2200217Ii 4500
003 JO-AjNU
008 230606s9999||||xx |||||||||||||| ||und||
020 _a0-412-62590-3
040 _aJO-AjNU
_beng
_erda
_cJO-AjNU
041 _aeng
050 1 4 _aHD45.R32.1995
100 3 _aedited:Clive Emmanuel/David Otley/Kenneth Merchant,
_eauthor
_93449
245 0 0 _aReadings in Accounting for Management Control
250 _anew ed
264 3 1 _aLondon:CHAPMAN&HALL,1995
300 _a680p
336 _atext
_btxt
_2rdacontent
337 _aunmediated
_bn
_2rdamedia
338 _avolume
_bnc
_2rdacarrier
650 4 _aaccounting for management
_93450
999 _aE1800
_c1800
_d1800